El Médico general: una respuesta al futuro. Seminario

Na minha lista:
Detalhes bibliográficos
Autor Corporativo: Asociación Colombiana de Facultades de Medicina
Formato: Desconhecido
Publicado em: Bogotá: Editorial Andes
Tags: Adicionar Tag
Sem tags, seja o primeiro a adicionar uma tag!

MARC

LEADER 00000 a2200000 04500
001 19077
003
008 991231s d
040
090 |a 018209  
110 |a Asociación Colombiana de Facultades de Medicina  
245 |a El Médico general: una respuesta al futuro. Seminario  
260 |a Bogotá:   |b Editorial Andes  
300 |a 348 p.  
999 |c 12833  |d 12833